<?xml version="1.0" encoding="UTF-8"?>
<record
    xmlns:xsi="http://www.w3.org/2001/XMLSchema-instance"
    xsi:schemaLocation="http://www.loc.gov/MARC21/slim http://www.loc.gov/standards/marcxml/schema/MARC21slim.xsd"
    xmlns="http://www.loc.gov/MARC21/slim">

  <leader>01018nam a22002657a 4500</leader>
  <controlfield tag="005">20250908020347.0</controlfield>
  <controlfield tag="007">ta</controlfield>
  <controlfield tag="008">240928t2022       ||||| |||| 00| 0deng d</controlfield>
  <datafield tag="020" ind1=" " ind2=" ">
    <subfield code="a">9786214510245</subfield>
  </datafield>
  <datafield tag="040" ind1=" " ind2=" ">
    <subfield code="a">CvSU-CCAT Campus Library.</subfield>
    <subfield code="c">CvSU-CCAT Campus Library.</subfield>
    <subfield code="e">rda.</subfield>
  </datafield>
  <datafield tag="041" ind1=" " ind2=" ">
    <subfield code="a">English.</subfield>
  </datafield>
  <datafield tag="050" ind1=" " ind2=" ">
    <subfield code="a">F LB 2395</subfield>
    <subfield code="b">T43 2022</subfield>
  </datafield>
  <datafield tag="245" ind1=" " ind2=" ">
    <subfield code="a">Teaching and assessment of the macroskills / </subfield>
    <subfield code="c">Rivika C. Alda [and three others].</subfield>
  </datafield>
  <datafield tag="260" ind1=" " ind2=" ">
    <subfield code="a">Quezon City :</subfield>
    <subfield code="b">Lorimar Publishing Inc.,</subfield>
    <subfield code="c">c2022.</subfield>
  </datafield>
  <datafield tag="300" ind1=" " ind2=" ">
    <subfield code="a">xiii, 148 pages :</subfield>
    <subfield code="b">illustrations ;</subfield>
    <subfield code="c">25 cm</subfield>
  </datafield>
  <datafield tag="504" ind1=" " ind2=" ">
    <subfield code="a">Includes bibliographical references and index.</subfield>
  </datafield>
  <datafield tag="541" ind1=" " ind2=" ">
    <subfield code="e">13384 c.1; 13412 c.2; 13413 c.3; 13414 c.4</subfield>
  </datafield>
  <datafield tag="546" ind1=" " ind2=" ">
    <subfield code="a">In English text.</subfield>
  </datafield>
  <datafield tag="650" ind1=" " ind2=" ">
    <subfield code="a">Teaching the Macroskills -- Teachers</subfield>
    <subfield code="9">13536</subfield>
  </datafield>
  <datafield tag="650" ind1=" " ind2=" ">
    <subfield code="a">English Language Teaching</subfield>
    <subfield code="9">13537</subfield>
  </datafield>
  <datafield tag="700" ind1=" " ind2=" ">
    <subfield code="a">Abao, Ethel L., author.</subfield>
    <subfield code="9">13538</subfield>
  </datafield>
  <datafield tag="700" ind1=" " ind2=" ">
    <subfield code="a">Dayagbil, Filomena T., author.</subfield>
    <subfield code="9">3241</subfield>
  </datafield>
  <datafield tag="700" ind1=" " ind2=" ">
    <subfield code="a">Dalagan, Judith D., author.</subfield>
    <subfield code="9">13539</subfield>
  </datafield>
  <datafield tag="942" ind1=" " ind2=" ">
    <subfield code="2">lcc</subfield>
    <subfield code="c">BK</subfield>
    <subfield code="h">LB 2395 T43 2022</subfield>
    <subfield code="k">F</subfield>
  </datafield>
  <datafield tag="999" ind1=" " ind2=" ">
    <subfield code="c">3645</subfield>
    <subfield code="d">3645</subfield>
  </datafield>
  <datafield tag="952" ind1=" " ind2=" ">
    <subfield code="0">0</subfield>
    <subfield code="1">0</subfield>
    <subfield code="2">lcc</subfield>
    <subfield code="4">0</subfield>
    <subfield code="7">0</subfield>
    <subfield code="8">NF</subfield>
    <subfield code="a">CCATLIB</subfield>
    <subfield code="b">CCATLIB</subfield>
    <subfield code="c">F</subfield>
    <subfield code="d">2024-09-24</subfield>
    <subfield code="e">Donation</subfield>
    <subfield code="f">F</subfield>
    <subfield code="o">F LB 2395 T43 2022</subfield>
    <subfield code="p">R0013384</subfield>
    <subfield code="r">2025-10-15 00:00:00</subfield>
    <subfield code="t">c.1</subfield>
    <subfield code="w">2024-09-28</subfield>
    <subfield code="y">BK</subfield>
  </datafield>
  <datafield tag="952" ind1=" " ind2=" ">
    <subfield code="0">0</subfield>
    <subfield code="1">0</subfield>
    <subfield code="2">lcc</subfield>
    <subfield code="4">0</subfield>
    <subfield code="7">0</subfield>
    <subfield code="8">NF</subfield>
    <subfield code="a">CCATLIB</subfield>
    <subfield code="b">CCATLIB</subfield>
    <subfield code="c">F</subfield>
    <subfield code="d">2025-02-25</subfield>
    <subfield code="e">Purchased from ESM Bookstore</subfield>
    <subfield code="f">F</subfield>
    <subfield code="g">636.00</subfield>
    <subfield code="o">F LB 2395 T43 2022</subfield>
    <subfield code="p">R0013412</subfield>
    <subfield code="r">2025-10-15 00:00:00</subfield>
    <subfield code="t">c.2</subfield>
    <subfield code="w">2024-09-28</subfield>
    <subfield code="y">BK</subfield>
  </datafield>
  <datafield tag="952" ind1=" " ind2=" ">
    <subfield code="0">0</subfield>
    <subfield code="1">0</subfield>
    <subfield code="2">lcc</subfield>
    <subfield code="4">0</subfield>
    <subfield code="7">0</subfield>
    <subfield code="8">NF</subfield>
    <subfield code="a">CCATLIB</subfield>
    <subfield code="b">CCATLIB</subfield>
    <subfield code="c">F</subfield>
    <subfield code="d">2024-09-24</subfield>
    <subfield code="e">Purchased from ESM Bookstore</subfield>
    <subfield code="f">F</subfield>
    <subfield code="g">636.00</subfield>
    <subfield code="o">F LB 2395 T43 2022</subfield>
    <subfield code="p">R0013413</subfield>
    <subfield code="r">2025-10-15 00:00:00</subfield>
    <subfield code="t">c.3</subfield>
    <subfield code="w">2024-09-28</subfield>
    <subfield code="y">BK</subfield>
  </datafield>
  <datafield tag="952" ind1=" " ind2=" ">
    <subfield code="0">0</subfield>
    <subfield code="1">0</subfield>
    <subfield code="2">lcc</subfield>
    <subfield code="4">0</subfield>
    <subfield code="7">0</subfield>
    <subfield code="8">NF</subfield>
    <subfield code="a">CCATLIB</subfield>
    <subfield code="b">CCATLIB</subfield>
    <subfield code="c">F</subfield>
    <subfield code="d">2024-09-24</subfield>
    <subfield code="e">Purchased from ESM Bookstore</subfield>
    <subfield code="f">F</subfield>
    <subfield code="g">636.00</subfield>
    <subfield code="o">F LB 2395 T43 2022</subfield>
    <subfield code="p">R0013414</subfield>
    <subfield code="r">2025-10-15 00:00:00</subfield>
    <subfield code="t">c.4</subfield>
    <subfield code="w">2024-09-28</subfield>
    <subfield code="y">BK</subfield>
  </datafield>
</record>
